书目信息 |
| 题名: |
深入研究VISUAL BASIC.NET
|
|
| 作者: | 李海 , 龚学纲 , 李文亮 编著 | |
| 分册: | ||
| 出版信息: | 北京 电子工业出版社 2003.01 |
|
| 页数: | 538页 | |
| 开本: | 26cm | |
| 丛书名: | ||
| 单 册: | ||
| 中图分类: | TP312 | |
| 科图分类: | ||
| 主题词: | 软件 | |
| 电子资源: | ||
| ISBN: | 7-5053-8314-0 | |
| 000 | 00681nam0 2200217 45 | |
| 001 | 0441504711 | |
| 005 | 2004092111314389 | |
| 010 | @a7-5053-8314-0@dCNY 55.00 | |
| 100 | @a20040921d2003 km y0chiy0120 ea | |
| 101 | 0 | @achi |
| 102 | @aCN@b110000 | |
| 200 | 1 | @a深入研究VISUAL BASIC.NET@AShen Ru Yan Jiu VISUAL BASIC.NET@f李海,龚学纲,李文亮编著@FLi Hai,Gong Xue Gang,Li Wen Liang Bian Zhu |
| 210 | @a北京@c电子工业出版社@d2003.01 | |
| 215 | @a538页@d26cm | |
| 606 | 0 | @a软件 |
| 690 | @aTP312@v4 | |
| 701 | 0 | @a李海@ALi Hai@4编著 |
| 701 | 0 | @a龚学纲@AGong Xue Gang@4编著 |
| 701 | 0 | @a李文亮@ALi Wen Liang@4编著 |
| 801 | 0 | @aCN@bPFT@c20040921 |
| 905 | @a平顶山工学院@dTP312@eL1731 | |
| 深入研究VISUAL BASIC.NET/李海,龚学纲,李文亮编著.-北京:电子工业出版社,2003.01 |
| 538页;26cm |
| ISBN 7-5053-8314-0:CNY 55.00 |
| ● |
| 相关链接 |
|
|
|
正题名:深入研究VISUAL BASIC.NET
索取号:TP312/L1731
 
预约/预借
| 序号 | 登录号 | 条形码 | 馆藏地/架位号 | 状态 | 备注 |
| 1 | 395040 | 203950402 | 自科二线504/504自科库 7排3列4层/ [索取号:TP312/L1731] | 在馆 | |
| 2 | 395041 | 203950411 | 期刊室512/301自科库 45排3列4层/ [索取号:TP312/L1731] | 在馆 | |
| 3 | 395042 | 203950420 | 期刊室512/301自科库 45排3列4层/ [索取号:TP312/L1731] | 在馆 | |
| 4 | 395043 | 203950439 | 自科二线504/504自科库 7排3列4层/ [索取号:TP312/L1731] | 在馆 | |
| 5 | 395044 | 203950448 | 自科二线504/504自科库 7排3列4层/ [索取号:TP312/L1731] | 在馆 | |
| 6 | 395045 | 203950457 | 自科二线504/504自科库 7排4列5层/ [索取号:TP312/L1731] | 在馆 |